| 000 | 01796nkm0a22003731 4500 | ||
|---|---|---|---|
| 001 | RU\NLR\INFOCOMM_10\5000066892 | ||
| 005 | 20250806204730.0 | ||
| 035 | _a(NLR Aleph) 010758072 | ||
| 090 |
_a76751 _c76751 |
||
| 100 | _a20150325d1943 u y0rusy50 ca | ||
| 101 | 0 | _arus | |
| 102 | _aRU | ||
| 116 | _aiybxx xx zz | ||
| 135 | _acrcn 024apaba | ||
| 200 | 1 |
_aБланковый расходный ордер [на продовольственные карточки]. Форма №10а _bИзоматериалы _fУправление по учету и выдаче продуктовых и промтоварных карточек при Ленгорисполкоме |
|
| 210 |
_a[Ленинград _d1943] |
||
| 215 |
_a1 л. _d19х9 см |
||
| 300 | _aПодписи: Начальник, бухгалтер, кассир | ||
| 325 | _aКопия доступна в Электрон. б-ке РНБ | ||
| 606 | 1 | 0 |
_aБлокада Ленинграда _z1941 - 1944 _2nlr_sh _3RU\NLR\AUTH\661253360 |
| 801 | 1 |
_aRU _binfocomm _c20150325 |
|
| 801 | 0 |
_aRU _bNLR _gPSBO |
|
| 852 |
_aNLR _bЛ3-340 _j6-18/2-21 _pЛМ.2191 |
||
| 852 |
_aNLR _bЛ3-340 _j6-18/2-21 _pЛМ.2192 |
||
| 852 |
_aNLR _bЛ3-340 _j6-18/2-21 _pЛМ.2193 |
||
| 856 | 0 | _uhttp://vivaldi.nlr.ru/al000002592/view | |
| 856 | 1 | _uhttp://vivaldi.nlr.ru/al000002592/cover | |
| 856 | 2 | _uhttp://vivaldi.nlr.ru/al000002592/text | |
| 942 | _cVISUAL | ||
| 945 | _aРоссийская национальная библиотека | ||
| 980 | _aBV | ||
| 981 | 3 | 7 |
_a(37) Ленинград в Великой Отечественной войне _b(37) Бланки официальных документов, продовольственные карточки |
| 981 | 3 | 4 | _a(34) Санкт-Петербург |